[Event "GER-chT U16"]
[Site "Magdeburg"]
[Date "2019.12.28"]
[Round "4.2"]
[White "Ponomarev, Maximilian"]
[Black "Muecka, Cedric"]
[Result "1-0"]
[WhiteElo "2046"]
[BlackElo "1559"]
[PlyCount "69"]
[EventDate "2019.12.27"]
[EventType "team-swiss"]
[EventRounds "7"]
[EventCountry "GER"]
[SourceTitle "CBM 194 Extra"]
[Source "ChessBase"]
[SourceDate "2020.03.31"]
[SourceVersion "1"]
[SourceVersionDate "2020.03.31"]
[SourceQuality "1"]
[WhiteTeam "Muenchen Suedost"]
[BlackTeam "Leipzig SG"]
[WhiteTeamCountry "GER"]
[BlackTeamCountry "GER"]

1. e4 c5 2. Nf3 d6 3. d4 cxd4 4. Nxd4 Nf6 5. f3 g6 6. c4 Bg7 7. Nc3 0-0 8. Be3 Nc6 9. Be2 Nxd4 10. Bxd4 Be6 11. 0-0 Nd7 12. Bxg7 Kxg7 13. Kh1 f6 14. f4 Rc8 15. b3 Qa5 16. Rc1 a6 17. Qe1 b5 18. f5 Bf7 19. fxg6 hxg6 20. Bg4 Rc7 21. Bxd7 Rxd7 22. cxb5 axb5 23. Rf3 Rc8 24. Rd1 Rdc7 25. Rdd3 Rc5 26. g4 R8c7 27. Kg2 d5 28. Qe3 dxe4 29. Rh3 g5 30. Nxe4 Bd5 31. Kg3 Bxe4 32. Qxe4 f5 33. gxf5 Rc3 34. Qe5+ Kf7 35. Qe6+ 1-0

[Event "GER-chT U14"]
[Site "Duesseldorf"]
[Date "2016.12.30"]
[Round "7.3"]
[White "Muecka, Cedric"]
[Black "Kracht, Raphael"]
[Result "0-1"]
[WhiteElo "1526"]
[BlackElo "1639"]
[PlyCount "62"]
[EventDate "2016.12.27"]
[EventType "team-swiss"]
[EventRounds "7"]
[EventCountry "GER"]
[SourceTitle "EXT 2022"]
[Source "ChessBase"]
[SourceDate "2021.10.06"]
[SourceVersion "1"]
[SourceVersionDate "2021.10.06"]
[SourceQuality "1"]
[WhiteTeam "Leipzig SG U14"]
[BlackTeam "Brackel U14"]
[WhiteTeamCountry "GER"]
[BlackTeamCountry "GER"]

1. Nf3 Nf6 2. g3 g6 3. Bg2 Bg7 4. 0-0 0-0 5. d3 d6 6. Nbd2 c5 7. e4 Nc6 8. c3 e5 9. Qc2 Be6 10. a4 a6 11. Ng5 Bd7 12. Nc4 h6 13. Nxf7 Rxf7 14. Nxd6 Re7 15. Nxb7 Qb6 16. Nd6 Na5 17. Nc4 Nxc4 18. dxc4 Be6 19. b3 Rb8 20. Ra3 Rd7 21. f4 exf4 22. Bxf4 Rbd8 23. e5 Bf5 24. Qc1 Ng4 25. Re1 g5 26. h3 gxf4 27. hxg4 Bxg4 28. Qxf4 Be6 29. Bf3 Rd3 30. Rc1 Rf8 31. Qe4 Rdxf3 0-1

[Event "GER-chT U14"]
[Site "Verden"]
[Date "2015.12.29"]
[Round "6.2"]
[White "Muecka, Cedric"]
[Black "Lehne, Arwin Hugo"]
[Result "0-1"]
[WhiteElo "1397"]
[BlackElo "1573"]
[PlyCount "90"]
[EventDate "2015.12.27"]
[EventType "team-swiss"]
[EventRounds "7"]
[EventCountry "GER"]
[SourceTitle "EXT 2017"]
[Source "ChessBase"]
[SourceDate "2016.10.25"]
[SourceVersion "1"]
[SourceVersionDate "2016.10.25"]
[SourceQuality "1"]
[WhiteTeam "Leipzig SG"]
[BlackTeam "Coswig"]
[WhiteTeamCountry "GER"]
[BlackTeamCountry "GER"]

1. e4 c5 2. Nf3 Nc6 3. d4 cxd4 4. Nxd4 g6 5. Nc3 Bg7 6. Be3 Nf6 7. f3 0-0 8. Bc4 d6 9. Qd2 Bd7 10. 0-0-0 a6 11. Kb1 Na5 12. Bb3 Nxb3 13. Nxb3 Rc8 14. Nd4 Qa5 15. Nd5 Qd8 16. g4 Bc6 17. Nc3 Qc7 18. h4 h5 19. g5 Nd7 20. f4 Nb6 21. Qd3 Be8 22. Nde2 Nc4 23. Bc1 b5 24. Nd5 Qb7 25. b3 Nb6 26. Nxb6 Qxb6 27. Bb2 Bxb2 28. Kxb2 Bc6 29. Rhf1 b4 30. f5 Bb5 31. Qd2 a5 32. f6 e6 33. Rfe1 Bxe2 34. Rxe2 Rc6 35. Qd4 Qc7 36. Red2 Rc8 37. Qf2 Rc3 38. Rh1 Qc6 39. Qe2 a4 40. Qg2 axb3 41. cxb3 Qa6 42. Kb1 Qc6 43. Qf1 Qxe4+ 44. Ka1 Rc2 45. Rxc2 Rxc2 0-1

[Event "GER-ch U10"]
[Site "Oberhof"]
[Date "2013.05.25"]
[Round "11"]
[White "Muecka, Cedric"]
[Black "Khamenya, Vitalia"]
[Result "1-0"]
[WhiteElo "1380"]
[BlackElo "1210"]
[PlyCount "75"]
[EventDate "2013.05.19"]
[EventType "swiss"]
[EventRounds "11"]
[EventCountry "GER"]
[SourceTitle "CBM 154 Extra"]
[Source "ChessBase"]
[SourceDate "2013.06.25"]
[SourceVersion "2"]
[SourceVersionDate "2013.06.25"]
[SourceQuality "1"]

1. e4 e5 2. Nf3 Nc6 3. d4 exd4 4. Bc4 Nf6 5. 0-0 Bc5 6. c3 dxc3 7. Re1 0-0 8. Nxc3 Ng4 9. Rf1 d6 10. Ng5 Nce5 11. Bb3 Bd7 12. h3 Nf6 13. Kh1 h6 14. Nf3 Qc8 15. Nxe5 dxe5 16. g4 Bc6 17. Nd5 Nxe4 18. Qc2 Bb5 19. Bc4 Bxc4 20. Qxc4 Nxf2+ 21. Kg2 b6 22. Rxf2 Bxf2 23. Ne7+ Kh8 24. Nxc8 Raxc8 25. Kxf2 f5 26. Kg3 fxg4 27. Kxg4 Rcd8 28. Be3 Rf6 29. Rf1 Rg6+ 30. Kh5 Rg5+ 31. Bxg5 hxg5 32. Kxg5 Re8 33. Qh4+ Kg8 34. Qh5 Rd8 35. Qf7+ Kh8 36. Rg1 c5 37. Kf5 Rg8 38. Qh5# 1-0

[Event "GER-ch U10"]
[Site "Oberhof"]
[Date "2013.05.24"]
[Round "9"]
[White "Muecka, Cedric"]
[Black "Berelowitsch, Dana"]
[Result "1-0"]
[WhiteElo "1380"]
[BlackElo "981"]
[PlyCount "27"]
[EventDate "2013.05.19"]
[EventType "swiss"]
[EventRounds "11"]
[EventCountry "GER"]
[SourceTitle "CBM 154 Extra"]
[Source "ChessBase"]
[SourceDate "2013.06.25"]
[SourceVersion "2"]
[SourceVersionDate "2013.06.25"]
[SourceQuality "1"]

1. e4 e5 2. Nf3 Nf6 3. d4 Nxe4 4. Bd3 d5 5. Nxe5 Bd6 6. 0-0 0-0 7. c4 c6 8. Nc3 Nxc3 9. bxc3 Nd7 10. f4 Nxe5 11. fxe5 Be7 12. Qh5 h6 13. cxd5 Qxd5 14. Bxh6 1-0

[Event "GER-ch U10"]
[Site "Oberhof"]
[Date "2013.05.19"]
[Round "2"]
[White "Tong, Kevin"]
[Black "Muecka, Cedric"]
[Result "1-0"]
[WhiteElo "1637"]
[BlackElo "1380"]
[PlyCount "45"]
[EventDate "2013.05.19"]
[EventType "swiss"]
[EventRounds "11"]
[EventCountry "GER"]
[SourceTitle "CBM 154 Extra"]
[Source "ChessBase"]
[SourceDate "2013.06.25"]
[SourceVersion "2"]
[SourceVersionDate "2013.06.25"]
[SourceQuality "1"]

1. e4 c5 2. Nf3 d6 3. d4 cxd4 4. Nxd4 Nf6 5. Nc3 g6 6. Be3 Bg7 7. f3 0-0 8. Qd2 Nc6 9. Bc4 Bd7 10. 0-0-0 Qa5 11. Kb1 Qc7 12. Bb3 Rfc8 13. g4 Qa5 14. h4 Ne5 15. h5 Nc4 16. Bxc4 Rxc4 17. hxg6 fxg6 18. Nb3 Qa6 19. Nd5 Nxd5 20. Qxd5+ Kh8 21. Rxh7+ Kxh7 22. Rh1+ Bh6 23. Qf7+ 1-0

[Event "Sachsen-ch U10"]
[Site "Sebnitz"]
[Date "2013.04.04"]
[Round "4"]
[White "Muecka, Cedric"]
[Black "Schubert, Valentin"]
[Result "1-0"]
[WhiteElo "1290"]
[BlackElo "1206"]
[PlyCount "67"]
[EventDate "2013.04.02"]
[EventType "swiss"]
[EventRounds "7"]
[EventCountry "GER"]
[SourceTitle "EXT 2014"]
[Source "ChessBase"]
[SourceDate "2013.11.20"]
[SourceVersion "1"]
[SourceVersionDate "2013.11.20"]
[SourceQuality "1"]

1. e4 e5 2. Nf3 Nc6 3. d4 exd4 4. Bc4 Nf6 5. e5 Ng4 6. 0-0 Bc5 7. c3 0-0 8. cxd4 Be7 9. Nc3 d6 10. h3 Nh6 11. Bxh6 gxh6 12. Nd5 Bf5 13. exd6 Qxd6 14. Re1 Bf6 15. Nxf6+ Qxf6 16. b3 Bg6 17. Qd2 Qg7 18. d5 Nb8 19. Rac1 c6 20. d6 Nd7 21. Re7 Rad8 22. Nd4 b5 23. Ne6 fxe6 24. Rxg7+ Kxg7 25. Bxe6 Nf6 26. d7 Ne4 27. Qd4+ Nf6 28. Rxc6 Be4 29. Rc1 Bb7 30. Rc7 Ba6 31. Rxa7 Bc8 32. dxc8Q+ Kh8 33. Qcxd8 Re8 34. Qxe8# 1-0

[Event "Sachsen-ch U10"]
[Site "Sebnitz"]
[Date "2013.04.03"]
[Round "3"]
[White "Nguyen, Alex Dac Vuong"]
[Black "Muecka, Cedric"]
[Result "1-0"]
[WhiteElo "1242"]
[BlackElo "1290"]
[PlyCount "51"]
[EventDate "2013.04.02"]
[EventType "swiss"]
[EventRounds "7"]
[EventCountry "GER"]
[SourceTitle "EXT 2014"]
[Source "ChessBase"]
[SourceDate "2013.11.20"]
[SourceVersion "1"]
[SourceVersionDate "2013.11.20"]
[SourceQuality "1"]

1. e4 c5 2. Nf3 d6 3. d4 cxd4 4. Nxd4 Nf6 5. Nc3 g6 6. f3 Bg7 7. Be3 0-0 8. Qd2 Nc6 9. 0-0-0 Bd7 10. g4 a6 11. h4 b5 12. Nd5 Nxd5 13. exd5 Ne5 14. h5 Rb8 15. hxg6 fxg6 16. Qh2 Rf7 17. Bd3 Nxd3+ 18. Rxd3 Rc8 19. Qxh7+ Kf8 20. Qxg6 Qc7 21. Rc3 Qa5 22. Rxc8+ Bxc8 23. Bh6 Kg8 24. Bxg7 Qe1+ 25. Rxe1 Rxg7 26. Qe8+ 1-0

[Event "Sachsen-ch U10"]
[Site "Sebnitz"]
[Date "2012.04.14"]
[Round "7"]
[White "Muecka, Cedric"]
[Black "Fischer, Elias"]
[Result "0-1"]
[WhiteElo "1238"]
[BlackElo "1242"]
[PlyCount "100"]
[EventDate "2012.04.10"]
[EventType "swiss"]
[EventRounds "7"]
[EventCountry "GER"]
[SourceTitle "CBM 148 Extra"]
[Source "ChessBase"]
[SourceDate "2012.06.22"]
[SourceVersion "1"]
[SourceVersionDate "2012.06.22"]
[SourceQuality "1"]

1. e4 e5 2. Nf3 Nc6 3. d4 exd4 4. Bc4 Bc5 5. c3 dxc3 6. 0-0 Nf6 7. e5 Ng4 8. Nxc3 Ngxe5 9. Nxe5 Nxe5 10. Re1 d6 11. Bb3 0-0 12. Na4 Bb4 13. Re4 Ba5 14. Bd2 Bxd2 15. Qxd2 Bf5 16. Rf4 Qg5 17. Qe3 Bh3 18. g3 Rfe8 19. Re1 Nf3+ 20. Rxf3 Rxe3 21. Bxf7+ Kf8 22. Rexe3 Bg4 23. Rf4 Bf5 24. Ref3 g6 25. h4 Qe7 26. g4 Qxf7 27. Rxf5 gxf5 28. Rxf5 Qxf5 29. gxf5 Kf7 30. Nc3 Kf6 31. Nd5+ Kxf5 32. Nxc7 Rd8 33. Nb5 a6 34. Nd4+ Ke4 35. Nb3 d5 36. Nc5+ Kf3 37. Nxb7 Rb8 38. Nc5 Rxb2 39. Nxa6 Rxf2 40. Nb4 d4 41. Nd3 Rxa2 42. Ne5+ Ke4 43. Ng4 Kd3 44. Ne5+ Ke2 45. Nc4 d3 46. Kg2 d2 47. Nxd2 Rxd2 48. Kg3 Rd4 49. h5 h6 50. Kh3 Kf2 0-1

[Event "Sachsen-ch U10"]
[Site "Sebnitz"]
[Date "2012.04.13"]
[Round "6"]
[White "Renger, Niklas"]
[Black "Muecka, Cedric"]
[Result "1-0"]
[WhiteElo "1589"]
[BlackElo "1238"]
[PlyCount "63"]
[EventDate "2012.04.10"]
[EventType "swiss"]
[EventRounds "7"]
[EventCountry "GER"]
[SourceTitle "CBM 148 Extra"]
[Source "ChessBase"]
[SourceDate "2012.06.22"]
[SourceVersion "1"]
[SourceVersionDate "2012.06.22"]
[SourceQuality "1"]

1. e4 c5 2. Nf3 d6 3. d4 cxd4 4. Nxd4 Nf6 5. Nc3 g6 6. Be3 Bg7 7. f3 0-0 8. Qd2 Nc6 9. Bc4 Bd7 10. 0-0-0 Ne5 11. Bb3 Qa5 12. Kb1 e6 13. g4 Rfc8 14. h4 Nc4 15. Bxc4 Rxc4 16. h5 Rb4 17. hxg6 fxg6 18. Nb3 Qc7 19. Qxd6 Qxd6 20. Rxd6 Rc8 21. e5 Bf8 22. Rd2 Nxg4 23. fxg4 Bc6 24. Rf1 Bg7 25. Bd4 a6 26. a3 Rc4 27. Na5 Bh6 28. Nxc4 Bxd2 29. Nxd2 Rd8 30. Be3 Bg2 31. Rf2 Bh3 32. Nde4 1-0

[Event "Sachsen-ch U10"]
[Site "Sebnitz"]
[Date "2012.04.11"]
[Round "3"]
[White "Lieberwirth, Kasimir"]
[Black "Muecka, Cedric"]
[Result "0-1"]
[WhiteElo "1154"]
[BlackElo "1238"]
[PlyCount "50"]
[EventDate "2012.04.10"]
[EventType "swiss"]
[EventRounds "7"]
[EventCountry "GER"]
[SourceTitle "CBM 148 Extra"]
[Source "ChessBase"]
[SourceDate "2012.06.22"]
[SourceVersion "1"]
[SourceVersionDate "2012.06.22"]
[SourceQuality "1"]

1. e4 c5 2. Nc3 d6 3. f4 Nc6 4. Bc4 Nf6 5. d3 g6 6. Nf3 Bg7 7. Be3 0-0 8. 0-0 Bd7 9. Nh4 Kh8 10. f5 Ne5 11. Bb3 e6 12. Nf3 Neg4 13. Bd2 exf5 14. exf5 Bxf5 15. Nh4 Bd7 16. Bg5 Qc7 17. h3 c4 18. Bxf6 Nxf6 19. Bxc4 Qb6+ 20. Kh1 Be6 21. Bb3 Nh5 22. Rf3 Bf6 23. Bxe6 fxe6 24. Rb1 Bxh4 25. Qf1 Ng3+ 0-1

[Event "Sachsen-ch U08"]
[Site "Sebnitz"]
[Date "2011.04.29"]
[Round "5"]
[White "Burian, Simon"]
[Black "Muecka, Cedric"]
[Result "0-1"]
[WhiteElo "887"]
[BlackElo "1126"]
[PlyCount "164"]
[EventDate "2011.04.26"]
[EventType "swiss"]
[EventRounds "7"]
[EventCountry "GER"]
[SourceTitle "EXT 2012"]
[Source "ChessBase"]
[SourceDate "2011.11.24"]
[SourceVersion "1"]
[SourceVersionDate "2011.11.24"]
[SourceQuality "1"]

1. e4 c5 2. Nf3 d6 3. d4 cxd4 4. Nxd4 Nf6 5. Nc3 g6 6. f3 Bg7 7. Be3 Nc6 8. Qd2 0-0 9. 0-0-0 Nxd4 10. Bxd4 Qa5 11. g4 Be6 12. a3 a6 13. Bd3 b5 14. Ne2 Qa4 15. Kb1 a5 16. c3 Qb3 17. Nc1 Qa4 18. h4 Rfb8 19. Qc2 Qxc2+ 20. Bxc2 b4 21. a4 bxc3 22. Bxc3 Rb7 23. g5 Nh5 24. Bxg7 Kxg7 25. b3 Bd7 26. Ka2 Rb4 27. Nd3 Rd4 28. Nf2 Rxd1 29. Rxd1 f6 30. Rg1 Rc8 31. Kb2 Nf4 32. Re1 Ng2 33. Re2 Nxh4 34. f4 Rb8 35. e5 dxe5 36. fxe5 fxe5 37. Rxe5 Kf7 38. Re4 Nf3 39. Rf4+ Kg7 40. Rxf3 Bxa4 41. Ka3 Bc6 42. Re3 Kf7 43. Ng4 Kf8 44. Ne5 Bb5 45. Bd3 Be8 46. Rf3+ Kg7 47. Bc4 Rc8 48. Bf7 Bb5 49. Be6 Rf8 50. Rh3 Bf1 51. Rh1 Bg2 52. Rg1 Be4 53. Ka4 Ra8 54. Nc4 Bc6+ 55. Ka3 Ra6 56. Rf1 Be8 57. Ne3 Rxe6 58. Nd5 Bb5 59. Nc7 Bxf1 60. Nxe6+ Kf7 61. Nd8+ Ke8 62. Ne6 Bh3 63. Nc7+ Kd8 64. Nd5 e5 65. Ka4 Be6 66. Nc3 Ke7 67. Nb5 Kf7 68. Nc7 Bf5 69. Kxa5 Kg7 70. b4 e4 71. b5 e3 72. Ka6 e2 73. b6 e1Q 74. b7 Qa1+ 75. Kb6 Qb2+ 76. Nb5 Qf2+ 77. Kc7 Qc5+ 78. Kb8 Qxb5 79. Ka7 Qa5+ 80. Kb8 Be4 81. Kc8 Qb6 82. b8Q Bf5# 0-1

[Event "Sachsen-ch U08"]
[Site "Sebnitz"]
[Date "2011.04.27"]
[Round "3"]
[White "Schubert, Valentin"]
[Black "Muecka, Cedric"]
[Result "0-1"]
[WhiteElo "896"]
[BlackElo "1126"]
[PlyCount "57"]
[EventDate "2011.04.26"]
[EventType "swiss"]
[EventRounds "7"]
[EventCountry "GER"]
[SourceTitle "EXT 2012"]
[Source "ChessBase"]
[SourceDate "2011.11.24"]
[SourceVersion "1"]
[SourceVersionDate "2011.11.24"]
[SourceQuality "1"]

1. e4 c5 2. Nf3 Nc6 3. Bc4 Nf6 4. Nc3 g6 5. d3 d6 6. Bg5 Bg7 7. 0-0 Bg4 8. h3 Bh5 9. Nd5 Nd4 10. Nxf6+ exf6 11. Bf4 Nxf3+ 12. gxf3 0-0 13. Bd5 Qd7 14. Kh2 Rab8 15. Qe2 Rfe8 16. c3 f5 17. d4 fxe4 18. Qc4 b5 19. Qb3 Rb6 20. fxe4 c4 21. Bxc4 bxc4 22. Qxc4 Rxb2 23. Qd5 Bf3 24. Qxd6 Qb7 25. Be5 Rb6 26. Qa3 Bxe5+ 27. dxe5 Qc7 28. Qa5 Rxe5 29. Qa4 0-1